Представление документа в формате RUSMARC

ПолеНазваниеЗначение
  Тип записи a
  Библиографический уровень m
001 Контрольный номер RU/IS/BASE/63849095
005 Дата корректировки 20240209174459.1
010 Индекс ISBN __
a ISBN 5-7361-0082-7
b Уточнения в пер.
d Цена 20 р. 00 к.
9 Тираж 5 000 экз.
100 Данные общей обработки __
a Данные общей обработки 20020108d2002 ||| 0rusy0189 ca
101 Язык документа 0_
a Язык текста rus
102 Страна публикации __
a Страна публикации RU
105 Кодированные данные (монография) __
a Кодированные данные (монография) y###||||000|y
200 Заглавие и сведения об ответственности 1_
a Заглавие Чувашская этнопедагогика
b Общее обозначение материала Текст
e Сведения, относящиеся к заглавию монография
f Первые сведения об ответственности Г. Н. Волков
205 Сведения об издании __
a Основные сведения об издании Изд. 3-е, доп.
210 Выходные данные 1_
a Место издания Чебоксары
c Издательство [б. и.]
d Дата издания 2004
215 Физическое описание __
a Объем 487 с.
c Иллюстрации/тип воспроизводства портр.
d Формат 21,5 см.
300 Общие примечания __
a Общие примечания Ограничения по возрасту - 16+
606 Тематические рубрики 0_
a Основная рубрика Специализированные отрасли педагогики - Этнопедагогика
610 Ключевые слова 0_
a Ключевые слова педагогика
a Ключевые слова история педагогики
a Ключевые слова этнопедагогика
a Ключевые слова чувашская этнопедагогика
686 Индексы других классификаций __
a Классификационный индекс 74.6
2 Код системы ББК
700 Автор _1
a Фамилия Волков
b Имя (инициалы) Геннадий Никандрович
g Полное личное имя Г. Н.
801 Источник записи _0
a Страна RU
b Организация МБУК ЦБС г. Ульяновска
c Дата составления 20020108
g Правила каталогизации RCR
801 Источник записи _1
a Страна RU
b Организация МБУК ЦБС г. Ульяновска
c Дата составления 20020108
g Правила каталогизации RCR
899 Данные о местонахождении __
i Авторский знак В 67
j Расстановочный фильтр 74
901 Тип документа __
t Тип документа m
910 Корректоры записи __
a Корректор записи Хисамова